General Knowledge - Statistics

General Stats
  • This quiz has been taken 35 times
  • The average score is 4 of 15
Answer Stats
Question Answer % Correct
The Clydesdale is a type of which animal? Horse
60%
Who was the second US president? John Adams
60%
What is the capital of South Sudan? Juba
48%
What is the longest motorway in the UK? M6
48%
Which crime drama is a spin off of acclaimed crime drama Morse? Lewis
28%
Who starred alongside David Tennant in Broadchurch? Olivia Coleman
28%
Which Premier League football team has the nickname The Potters? Stoke City
28%
In what year did the Republic of Ireland become independent from Britain? 1919
24%
Who wrote Notes From a Small Island? Bill Bryson
20%
Who wrote Tractatus Logico-Philosophicus? Ludwig Wittgenstein
16%
Who directed Submarine? Richard Ayoade
8%
The K6, is what iconic British object? Telephone Box
8%
Which American band had albums including Enema of the State and Dude Ranch Blink-182
4%
What is the name of the cockerel used to advertise Kellogs Cornflakes? Cornelius
4%
Which London Underground station name contains six consonants next to each other? Knightsbridge
0%
No matching quizzes found
Score Distribution
Percent of People with Each Score
Percentile by Number Answered
Your Score History
You have not taken this quiz